El Estado en América Latina : continuidades y rupturas /

Comprender el límite estructural que determina la existencia de todo Estado capitalista como instancia de dominación territorialmente acotada es un paso necesario, pero no suficiente para entender su funcionamiento. Por eso hace falta avanzar en determinaciones más concretas, en tiempo y espacio, pa...

Descripción completa

Detalles Bibliográficos
Otros Autores: Thwaites Rey, M. (Mabel) (ed.)
Formato: Libro
Lenguaje:español
Publicado: Santiago, Chile Universidad Arcis 2012
Materias:
Acceso en línea:

MARC

LEADER 00000cam a2200000 a 4500
001 007041
003 UAHC_CL
005 20170803120317.0
008 130404s2012 cl 000 spa
020 |a 9789568114978 
040 |a UAHC_CL  |c UAHC_CL  |d UAHC_CL 
082 0 4 |a 320.1098  |b E79  |2 20 
245 1 3 |a El Estado en América Latina :  |b continuidades y rupturas /  |c Mabel Thwaites Rey, editora. 
260 |b Universidad Arcis  |a Santiago, Chile  |c 2012 
300 |a 423 p. 
520 |a Comprender el límite estructural que determina la existencia de todo Estado capitalista como instancia de dominación territorialmente acotada es un paso necesario, pero no suficiente para entender su funcionamiento. Por eso hace falta avanzar en determinaciones más concretas, en tiempo y espacio, para entender la multiplicidad de expresiones que adoptan los Estados nacionales particulares, que no son inocuas ni irrelevantes para la práctica social y política. Porque sigue siendo en el marco de realidades específicas donde se sitúan y expresan las relaciones de fuerza que determinan formas de materialidad estatal que tienen consecuencias fundamentales sobre las condiciones y calidad de vida de los pueblos. 
650 4 |a ESTADO 
651 4 |a América Latina  |x Aspectos sociales 
651 4 |a AMERICA LATINA  |x POLITICA Y GOBIERNO 
653 |a CIENCIAS POLITICAS 
700 1 |a Thwaites Rey, M.  |q (Mabel)  |e ed. 
900 |a 320.1098 EST 
942 |c BK 
952 |0 0  |1 0  |4 0  |6 320_109800000000000_EST  |7 0  |8 General  |9 15363  |a BC  |b BC  |c General  |d 2017-08-03  |l 0  |o 320.1098 EST  |p 1407202  |r 2026-01-13 00:00:00  |t 1  |w 2017-08-03  |y BK 
999 |c 7041  |d 7041